[Event "Misiones op"]
[Site "Misiones"]
[Date "2022.07.10"]
[Round "5"]
[White "Bohachenko, Yonathan Emanuel"]
[Black "Segovia, Maximiliano"]
[Result "1/2-1/2"]
[WhiteElo "1437"]
[BlackElo "1597"]
[PlyCount "59"]
[EventDate "2022.07.09"]
[EventType "swiss"]
[EventRounds "6"]
[EventCountry "ARG"]
[SourceTitle "CBM 209 Extra"]
[Source "ChessBase"]
[SourceDate "2022.09.30"]
[SourceVersion "1"]
[SourceVersionDate "2022.09.30"]
[SourceQuality "1"]

1. e4 c5 2. Nf3 d6 3. c4 Nc6 4. Nc3 Nf6 5. d3 Bg4 6. Be2 e6 7. 0-0 Be7 8. h3 Bh5 9. Be3 0-0 10. a3 Rb8 11. Rb1 d5 12. e5 Bxf3 13. exf6 Bxf6 14. Bxf3 d4 15. Bxc6 dxe3 16. Bf3 exf2+ 17. Rxf2 Bd4 18. Be4 a6 19. Kf1 Bxf2 20. Kxf2 b5 21. cxb5 axb5 22. Qh5 f5 23. Bc6 b4 24. axb4 cxb4 25. Nb5 Qa5 26. Qe2 Rxb5 27. Bxb5 Qxb5 28. Qxe6+ Kh8 29. Qc4 Qb8 30. Qc5 1/2-1/2